Tile Select of Doom! - Statistics

General Stats
  • This quiz has been taken 64 times
  • The average score is 15 of 25
Answer Stats
Question Tile Select % Correct
what the comments say to select! a No
70%
what the comments say to select! a No
70%
what the comments say to select! a No
67%
what the comments say to select! a No
67%
what the comments say to select! a No
67%
what the comments say to select! a No
64%
what the comments say to select! a No
64%
what the comments say to select! a No
64%
what the comments say to select! a No
64%
what the comments say to select! a No
64%
what the comments say to select! a No
61%
what the comments say to select! a No
61%
what the comments say to select! a No
61%
what the comments say to select! a No
61%
what the comments say to select! a No
61%
what the comments say to select! a No
58%
what the comments say to select! a No
58%
what the comments say to select! a No
58%
what the comments say to select! a No
58%
what the comments say to select! a No
55%
what the comments say to select! a No
55%
what the comments say to select! a No
55%
what the comments say to select! a No
52%
what the comments say to select! a Yes
52%
what the comments say to select! a No
45%
No matching quizzes found
Score Distribution
Percent of People with Each Score
Percentile by Number Answered
Your Score History
You have not taken this quiz